Federico Barbarroja (Registro nro. 706)

Detalles MARC
000 -CABECERA
Longitud fija campo de control 00648nam a2200205 b 4500
001 - NÚMERO DE CONTROL
Número de control 00000000066056
003 - IDENTIFICADOR DELl NÚMERO DE CONTROL
Identificador del número de control OSt
005 - FECHA Y HORA DE LA ÚLTIMA TRANSACCIÓN
Fecha y hora de la última transacción 20130619114908.0
008 - CÓDIGOS DE INFORMACIÓN DE LONGITUD FIJA
Códigos de información de longitud fija 020226s1971 esp 000 0bspa d
040 ## - FUENTE DE LA CATALOGACIÓN
Centro catalogador de origen BU-BP
Centro transcriptor BMC
082 ## - NÚMERO DE LA CLASIFICACIÓN DECIMAL DEWEY
Númeroo de clasificación 920 Federico I
100 ## - PUNTO DE ACCESO PRINCIPAL-NOMBRE DE PERSONA
Nombre de persona Pacaut, Marcel
9 (RLIN) 874
245 10 - MENCIÓN DE TÍTULO
Título Federico Barbarroja
Mención de responsabilidad, etc. Marcel Pacaut ; [traducción del francés por Victorio Peral Domínguez]
260 ## - PUBLICACIÓN, DISTRIBUCIÓN, ETC. (PIE DE IMPRENTA)
Lugar de publicación, distribución, etc. Madrid
Nombre del editor, distribuidor, etc. Espasa-Calpe
Fecha de publicación, distribución, etc. 1971
300 ## - DESCRIPCIÓN FÍSICA
Extensión 227 p.
Dimensiones 18 cm
490 ## - MENCIÓN DE SERIE
Mención de serie Austral
Designación de volumen o secuencia 1492
600 ## - PUNTO DE ACCESO ADICIONAL DE MATERIA - NOMBRE DE PERSONA
Nombre de persona Federico
Numeración I
Títulos y otros títulos asociados al nombre (R ) Emperador del Sacro Imperio Romano Germánico
Subdivisión de materia general (R ) Biografías
9 (RLIN) 873
700 ## - PUNTO DE ACCESO ADICIONAL - NOMBRE DE PERSONA
9 (RLIN) 939
Nombre de persona Peral Domínguez, Victorio
942 ## - ENTRADA DE ELEMENTOS AGREGADOS (KOHA)
Fuente de clasificaión o esquema Dewey Decimal Classification
Koha [por defecto] tipo de item 1- Monografias
Existencias
Suprimido Perdido Fuente de clasificación o esquema Estropeado Restricciones de uso No para préstamo Código de colección Localización permanente Localización actual Localización en estanter&íacute;as Fecha adquisición Fuente de adquisición Número de inventario Préstamos totales Signatura completa Código de barras Fecha última consulta Coste, precio reemplazado Fecha del precio de reemplazo Tipo de item de Koha
NULL NULL Dewey Decimal Classification NULL Prestable NULL NULL Biblioteca Miguel de Cervantes - UNICAES Biblioteca Miguel de Cervantes - UNICAES Sala Principal 20/07/1998 Donación - Marco René Revelo 000701   920 PAC fed 1000701 08/06/2013 5.99 08/06/2013 1- Monografias